000 00335nam a2200133Ia 4500
008 190723s9999 xx 000 0 und d
020 _a13:978-0-07-067155-3
100 _aJohn D Kraus
245 0 _aAntennas and Wave Propagation
250 _a4th
260 _aNew Delhi
_bTata McGraw Hill
_c2012
300 _a906.:P
942 _cBK
999 _c1423
_d1423